Pays avec la plus haute fécondité - Statistiques

Statistiques générales
  • Ce quiz a été pris 17 278 fois
    17 034 depuis la dernière actualisation
  • Le résultat moyen est 13 sur 22
Statistiques - réponses
Indice Pays % Correct
6,1 R. D. du Congo
89%
6,7 Niger
83%
5,1 Nigeria
79%
4,3 Sénégal
79%
5,8 Mali
76%
6,1 Somalie
66%
4,3 Soudan
66%
4,3 Cameroun
65%
4,3 Côte d'Ivoire
64%
6,1 Tchad
62%
5,1 Angola
57%
4,3 Mauritanie
56%
4,3 Soudan du Sud
56%
4,6 Tanzanie
55%
4,8 Bénin
53%
5,8 République Centrafricaine
53%
4,6 Burkina Faso
51%
4,5 Mozambique
49%
4,4 Ouganda
48%
4,5 Gambie
44%
4,9 Burundi
40%
4,4 Afghanistan
18%
Aucun quiz correspondant
Distribution des résultats
% des personnes avec chaque résultat
Percentile par nombre de réponses
Votre historique - résultats
Vous n’avez pas pris ce quiz depuis la dernière actualisation